000 00622nam a2200217 i 4500
001 84283
003 ES-MaACL
005 20230906175004.0
007 t|
008 041122s1956 sp ||||1| spa d
100 1 _aJames, Norah C.
_965975
245 1 0 _aExponsales con la tierra /
_cNorah C. James ; [traducción directa del inglés, Severo Rialp].
250 _a1ª ed.
260 _aBarcelona :
_bJano,
_c[1956] (
_fHorta)
300 _a306 p. ;
_c19 cm.
490 1 _aAliciente
700 1 _aRialp, Severo.
_996674
830 0 _aAliciente
_9183825
852 _aES-MaACL
_jC-12446
_bR.40497
999 _c84283
_d84283